लोड हो रहा है...

About savitri with some paintings /

ग्रंथसूची विवरण
स्वरूप: Printed Book
भाषा:English
प्रकाशित: Pondicherry : Huta, 1972.
विषय:
LEADER 00490nam a22001337a 4500
008 160317s1972 ii ||||| |||| 00| 0 eng d
082 |a 821.912 
245 |a About savitri with some paintings / 
260 |a Pondicherry :  |b Huta,  |c 1972. 
300 |b 32 p. ; 
653 |a Savitri (Ghose, Aurobindo)  |a Metaphysics  |a Spiritual life 
942 |2 ddc  |c BK 
999 |c 273855  |d 273855 
952 |0 0  |1 0  |2 ddc  |4 0  |6 821_912000000000000_ABO  |7 0  |9 308068  |a PHL  |b PHL  |c ST1  |d 2014-01-24  |i 1041  |l 0  |o 821.912 ABO  |p PHL1041  |r 2014-12-30  |y BK